<?xml version="1.0" encoding="UTF-8"?><?xml-stylesheet type="text/xsl" href="static/style.xsl"?><OAI-PMH xmlns="http://www.openarchives.org/OAI/2.0/" xmlns:xsi="http://www.w3.org/2001/XMLSchema-instance" xsi:schemaLocation="http://www.openarchives.org/OAI/2.0/ http://www.openarchives.org/OAI/2.0/OAI-PMH.xsd"><responseDate>2026-04-27T21:40:04Z</responseDate><request verb="GetRecord" identifier="oai:uvadoc.uva.es:10324/6784" metadataPrefix="marc">https://uvadoc.uva.es/oai/request</request><GetRecord><record><header><identifier>oai:uvadoc.uva.es:10324/6784</identifier><datestamp>2021-06-29T10:14:59Z</datestamp><setSpec>com_10324_38</setSpec><setSpec>col_10324_852</setSpec></header><metadata><record xmlns="http://www.loc.gov/MARC21/slim" xmlns:doc="http://www.lyncode.com/xoai" xmlns:xsi="http://www.w3.org/2001/XMLSchema-instance" xmlns:dcterms="http://purl.org/dc/terms/" xsi:schemaLocation="http://www.loc.gov/MARC21/slim http://www.loc.gov/standards/marcxml/schema/MARC21slim.xsd">
<leader>00925njm 22002777a 4500</leader>
<datafield tag="042" ind1=" " ind2=" ">
<subfield code="a">dc</subfield>
</datafield>
<datafield tag="720" ind1=" " ind2=" ">
<subfield code="a">García González, Raquel</subfield>
<subfield code="e">author</subfield>
</datafield>
<datafield tag="260" ind1=" " ind2=" ">
<subfield code="c">2014</subfield>
</datafield>
<datafield tag="520" ind1=" " ind2=" ">
<subfield code="a">El presente trabajo pretende destacar la importancia de la enseñanza de nociones económicas en infantil, ya que estás forman parte de la manera de conocer el mundo de los niños, y son importantes para que alcancen un desarrollo integral que les ayude a conocer su entorno. Para ello, es interesante analizar cómo se adquieren estas nociones y qué recursos pueden utilizarse en su aprendizaje, así como hacer un recorrido por las investigaciones realizadas hasta la fecha. Teniendo en cuenta lo anterior, se presenta una propuesta de intervención sobre el aprendizaje de las nociones económicas para poner en práctica en el aula de infantil. Dicha propuesta cuenta con una serie de actividades, entre ellas la creación de un supermercado en el aula, que permiten adquirir estas nociones de manera vivencial. Además, puesto que algunas de las actividades se han puesto en práctica en un aula real, se expone una breve valoración de los resultados obtenidos.</subfield>
</datafield>
<datafield tag="024" ind2=" " ind1="8">
<subfield code="a">http://uvadoc.uva.es/handle/10324/6784</subfield>
</datafield>
<datafield ind1=" " ind2=" " tag="653">
<subfield code="a">Economía-Estudio y enseñanza (Educación preescolar)</subfield>
</datafield>
<datafield tag="245" ind1="0" ind2="0">
<subfield code="a">La enseñanza de las nociones económicas en Educación Infantil</subfield>
</datafield>
</record></metadata></record></GetRecord></OAI-PMH>